Землеустроительное проектирование : (Record no. 470013)
[ view plain ]
| 000 -LEADER | |
|---|---|
| fixed length control field | 00824nam-a2200205-a-4500 |
| 001 - CONTROL NUMBER | |
| control field | 000091417 |
| 003 - CONTROL NUMBER IDENTIFIER | |
| control field | AM-YeHGA |
| 005 - DATE AND TIME OF LATEST TRANSACTION | |
| control field | 20250617161343.0 |
| 008 - FIXED-LENGTH DATA ELEMENTS--GENERAL INFORMATION | |
| fixed length control field | 990919s1958 xxu 000 0 rus u |
| 040 ## - CATALOGING SOURCE | |
| Original cataloging agency | AM-YeHGA |
| 041 ## - LANGUAGE CODE | |
| Language code of text/sound track or separate title | rus |
| 090 ## - LOCALLY ASSIGNED LC-TYPE CALL NUMBER (OCLC); LOCAL CALL NUMBER (RLIN) | |
| -- | 473257 |
| 245 00 - TITLE STATEMENT | |
| Title | Землеустроительное проектирование : |
| Remainder of title | Учебное пособие / |
| Statement of responsibility, etc. | Под ред. С.А. Удачина. |
| 250 ## - EDITION STATEMENT | |
| Edition statement | 3-е, перераб. и доп. |
| 260 ## - PUBLICATION, DISTRIBUTION, ETC. | |
| Place of publication, distribution, etc. | Москва : |
| Name of publisher, distributor, etc. | Сельхозгиз , |
| Date of publication, distribution, etc. | 1958. |
| 300 ## - PHYSICAL DESCRIPTION | |
| Extent | 512 с. |
| 440 #0 - SERIES STATEMENT/ADDED ENTRY--TITLE | |
| Title | Учебники и учебные пособия для высших сельскохозяйственных учебных заведений |
| 650 #4 - SUBJECT ADDED ENTRY--TOPICAL TERM | |
| Topical term or geographic name entry element | Землеустройство |
| 700 1# - ADDED ENTRY--PERSONAL NAME | |
| Personal name | Удачин, Сергей Александрович |
| Relationship | edt |
| Withdrawn status | Lost status | Source of classification or shelving scheme | Damaged status | Not for loan | Collection | Home library | Current library | Date acquired | Total checkouts | Full call number | Barcode | Date last seen | Price effective from | Koha item type | Public note |
|---|---|---|---|---|---|---|---|---|---|---|---|---|---|---|---|
| Universal Decimal Classification | General | Fundamental Scientific Library | Fundamental Scientific Library | 07/05/2018 | РД III/3445 | FL0495596 | 07/05/2018 | 07/05/2018 | Գրքեր / Books | 30 Days Loan | |||||
| General | Fundamental Scientific Library | Fundamental Scientific Library | 10/05/2018 | РД III/3451 | FL0491269 | 10/05/2018 | 10/05/2018 | Գրքեր / Books | 30 Days Loan |
ՀՀ Գիտությունների ազգային ակադեմիայի հիմնարար գիտական գրադարան = Fundamental Scientific Library of NAS RA
All site content, except where otherwise noted, is licensed under a